Bachata : (Record no. 21865)
[ view plain ]
| 000 -CABECERA | |
|---|---|
| campo de control de longitud fija | 00682nam a2200205 a 4500 |
| 001 - NÚMERO DE CONTROL | |
| campo de control | 000022367 |
| 005 - FECHA Y HORA DE LA ÚLTIMA TRANSACCIÓN | |
| campo de control | 20200930011710.0 |
| 020 ## - NÚMERO INTERNACIONAL ESTÁNDAR DEL LIBRO | |
| Número Internacional Estándar del Libro | 9993402508 |
| 040 ## - FUENTE DE LA CATALOGACIÓN | |
| Centro catalogador/agencia de origen | DO-SdBNP |
| Lengua de catalogación | spa |
| Centro/agencia transcriptor | BNPHU |
| 082 ## - NÚMERO DE LA CLASIFICACIÓN DECIMAL DEWEY | |
| Número de clasificación | 781.63 |
| Número de documento/Ítem | B333b |
| 100 1# - ENTRADA PRINCIPAL--NOMBRE DE PERSONA | |
| Nombre de persona | Batista Mato, Carlos |
| 9 (RLIN) | 46136 |
| 245 10 - MENCIÓN DE TÍTULO | |
| Título | Bachata : |
| Resto del título | historia y evolución / |
| Mención de responsabilidad, etc. | Carlos Batista Matos. |
| 260 ## - PUBLICACIÓN, DISTRIBUCIÓN, ETC. | |
| Lugar de publicación, distribución, etc. | Santo Domingo : |
| Nombre del editor, distribuidor, etc. | Taller, |
| Fecha de publicación, distribución, etc. | 2002. |
| 300 ## - DESCRIPCIÓN FÍSICA | |
| Extensión | 243 p. : |
| Otras características físicas | il., mús., retrs. ; |
| Dimensiones | 23 cm. |
| 504 ## - NOTA DE BIBLIOGRAFÍA, ETC. | |
| Nota de bibliografía, etc. | Bibliografía: p. 243 |
| 590 ## - NOTA LOCAL (RLIN) | |
| Nota local | Inventariado, 2019/MFF |
| 650 #4 - PUNTO DE ACCESO ADICIONAL DE MATERIA--TÉRMINO DE MATERIA | |
| Término de materia o nombre geográfico como elemento de entrada | Bachata (música) |
| Subdivisión geográfica | República Dominicana |
| Subdivisión general | Historia |
| 9 (RLIN) | 46137 |
| 650 #4 - PUNTO DE ACCESO ADICIONAL DE MATERIA--TÉRMINO DE MATERIA | |
| Término de materia o nombre geográfico como elemento de entrada | Música popular |
| Subdivisión geográfica | República Dominicana |
| 9 (RLIN) | 1323 |
| 910 ## - DATOS DE OPCIÓN DEL USUARIO (OCLC) | |
| Datos de opción del usuario | Validado. Control de calidad MFF |
| Estado de retiro | Estado de pérdida | Restricciones de uso | No para préstamo | Código de colección | Localización permanente | Ubicación/localización actual | Ubicación en estantería | Fecha de adquisición | Número de inventario | Total de préstamos | Signatura topográfica completa | Código de barras | Fecha visto por última vez | Precio válido a partir de | Tipo de ítem Koha | Número de copia |
|---|---|---|---|---|---|---|---|---|---|---|---|---|---|---|---|---|
| Excluido de préstamo | Monografías: Libros y Folletos | General | General | Depósito | 06.10.2010 | LF1 | 781.63 B333b | 22367-10 | 25.06.2020 | 25.06.2020 | No se presta | |||||
| Excluido de préstamo | Monografías: Libros y Folletos | General | General | Depósito | 22.11.2011 | LF1 | 781.63 B333b | 22367-20 | 25.06.2020 | 25.06.2020 | No se presta | e. 2 | ||||
| Monografías: Libros y Folletos | General | General | Depósito | 22.11.2011 | LF1 | 781.63 B333b | 22367-30 | 25.06.2020 | 25.06.2020 | Préstamo en sala | e. 3 | |||||
| Monografías: Libros y Folletos | General | General | Depósito | 22.11.2011 | LF1 | 781.63 B333b | 22367-40 | 25.06.2020 | 25.06.2020 | Préstamo en sala | e. 4 | |||||
| Excluido de préstamo | Monografías: Libros y Folletos | General | General | Depósito | 11.02.2014 | LF1 | 781.63 B333b | 22367-50 | 25.06.2020 | 25.06.2020 | No se presta | e. 5 |
